000 00609nam a2200241Ia 4500
003 OSt
005 20220918173852.0
006 a|||||r|||| 00| 0
007 ta
008 220917b |||||||| |||| 00| 0 eng d
024 _a8,769
037 _cTextual
040 _aARTS
_cARTS
_beng
041 _2eng
_aeng
082 _a902, H9 GE
100 _aYutang Lin ed
_947955
245 0 _aWisdom of India
260 _alondon
_bMichael Joseph londan
_c1942
300 _a527
_ccm.
650 _aGENERALIA
942 _h902, H9 GE
_cTEXL
_2CC
999 _c150517
_d150517